00000000nam##2200000za#4500
0019.530936
003CaOODSP
00520200327025356
007ta
008150406|1997||||xxc|||||     f|0| 0 eng|d
040 |aCaOODSP|beng
041 |aeng
041 |afre
043 |an-cn---
0861 |aSP2-6/1997
1101 |aCanada. |bQueen's Printer.
24510|aChartered banks: unclaimed balances : |breported as at December 31, 1997 by the chartered banks of Canada / |c(Office of the Superintendent of Financial Institutions: Bank Act.)
260 |aOttawa - Ontario : |bQueen's Printer |c1997.
300 |a362p. ; |c27 cm.
4901 |aCanada gazette, part I. Supplement
500 |aSupplement, Canada Gazette, Part 1, June 27, 1998.
546 |aBilingual
563 |aSoftcover
590 |a98-27|b1998-07-03
7760#|tBanques à charte - soldes non réclamés |w(CaOODSP)9.589654
7760#|tBanques à charte - soldes non réclamés : |w(CaOODSP)9.589656
792 |tBanques à charte: soldes non réclamés : |efre|w(CaOODSP)9.530937
830#0|aCanada gazette, part I. Supplement.|w(CaOODSP)9.509660